| 000 | 00692nam a2200229 a 4500 | ||
|---|---|---|---|
| 001 | 12605 | ||
| 003 | CO-ViMGA | ||
| 008 | 141112s2004 ck r 000 u spa d | ||
| 040 |
_aCO-ViMGA _bspa _cCO-ViMGA |
||
| 082 | 0 | 4 | _a320.986 P17p |
| 100 | 1 |
_aPardo, Llada Jose _918199 |
|
| 245 | 1 | 0 | _aPido la palabra |
| 260 |
_aBogotá : _bLitocali, _c1983 |
||
| 300 | _a91p. | ||
| 650 | 1 | 4 |
_aBETANCOURT CUARTAS BELISARIO 1923 _918200 |
| 650 | 1 | 4 |
_aCOLOMBIA - EMIGRACION E INMIGRACION _918201 |
| 650 | 1 | 4 |
_aCOLOMBIA - PolĂtica Y GOBIERNO - CONFERENCIA _918202 |
| 650 | 1 | 4 | _aENSAYOS - CONFERENCIAS |
| 650 | 1 | 4 |
_aENTREVISTAS - EMB _918203 |
| 650 | 1 | 4 |
_aPAZ - COLOMBIA - ENSAYOS _98436 |
| 942 |
_2ddc _cBK |
||
| 999 |
_c23598 _d23598 |
||